MDQL
is popping MORE tags! Check the
thread
!
Quizzes
Events
Quiz Creation
Community
Videos
Private Events
Remove Ads
Sign In
Join for FREE
Feedback
Dark Mode
Quiz Categories
Sports
Geography
Music
Movies
Television
Just For Fun
Miscellaneous
History
Literature
Language
Science
Gaming
Entertainment
Religion
Holiday
For Kids
Quiz Lab
Recent
Popular Today
Quiz Kudos Today
Editor Picks
Curator Picks
Quizzes by...
Day
Popularity
Type
Ratings
Length
Year
Community
Subscriptions
Recent Discussions
Orange Saloon
Badges
Playlists
Quests
Create
Leaderboards
Showdown
Live 5
Trivia Bingo
Activity
Puzzle Library
Sporcle Events
Private Events
Virtual Trivia
Globe League
Become a Host
Pub Owners
SporcleCon
Opinionation
Our Games
Videos
Blog
Mobile Apps
Partnerships
Remove Ads and Go Orange
Feedback
Sports
Athletes
MLB
NBA
NHL
NFL
Soccer
Sports Teams
WWE
NCAA
Football
Premier League
Basketball
Baseball
Hockey
Golf
Tennis
Cricket
Rugby
Auto Racing
Olympics
World Cup
Sports
Athletes
MLB
NBA
NHL
NFL
Soccer
Sports Teams
WWE
NCAA
Football
Premier League
Basketball
Baseball
Hockey
Golf
Tennis
Cricket
Rugby
Auto Racing
Olympics
World Cup
Random Quiz
Search Sporcle
×
Quiz Lab
Quiz Lab
Sports
Arsenal
Click on answers out of a set of options
Click on answers out of a set of options
Multiple Choice
Best Score? Go Orange.
Liverpool v Arsenal Trivia Stats
Can you get 100% on this Liverpool v Arsenal Trivia Quiz?
By
Oddschanger
10m
20 Questions
450 Plays
450 Plays
450 Plays
Comments
Comments
Give Quiz Kudos
Give Quiz Kudos
-
- Ratings
hide this ad
Random Order
Randomize order of answers
Randomize order of answers
Replay
Link that replays current quiz
Next Quiz
Link to next quiz in quiz playlist
You Got
0%
They Got
Avg Score
60%
Avg Friend Score
Upgrade to see
Score Distribution
Jump to the score distribution portion of the page
Score
0/20
Timer
10:00
0
Plays Today
Question
Answer
Wrong Answers
Who scored four for Arsenal in their 4-4 draw with Liverpool in 2009?
Andrey Arshavin
91.8%
Theo Walcott
2.4%
Samir Nasri
1.6%
Cesc Fabregas
1.6%
Who scored a brace in Liverpool's FA Cup Final victory over Arsenal in 2001?
Michael Owen
84.9%
Milan Baros
4.2%
Emile Heskey
5.3%
Nicholas Anelka
3.8%
Who has the most British players listed in their first team squad?
Liverpool
77.3%
Arsenal
20.2%
Who's won the most FA Cups?
Arsenal
74.9%
Liverpool
22.4%
Which Arsenal player scored a hattrick to preserve Arsenal's unbeaten season in 2004?
Thierry Henry
73.8%
Dennis Bergkamp
9.1%
Robin Van Persie
8.2%
Jeremie Aliadiere
6.2%
Raheem Sterling was one of two Liverpool players to achieve a brace in Liverpool's 5-1 win over Arsenal in 2014. Who was the other?
Martin Skrtel
73.1%
Dejan Lovren
7.3%
Lucas Leiva
7.1%
Jordan Henderson
10.7%
Which player scored a perfect hattrick between Liverpool and Arsenal in 2007?
Peter Crouch
71.1%
Emmanuel Adebayor
11.1%
Tomas Rosicky
4%
Yossi Benayoun
11.8%
In the 3-3 draw between Liverpool and Arsenal in 2016, a defensive player was subbed on as a forward. Who was it?
Steven Caulker
70.9%
Joe Gomez
4.9%
Ragnar Klavan
9.6%
Joel Matip
12%
Who has the most South American players listed in their first team squad?
Liverpool
63.6%
Arsenal
34%
Who has the most African players listed in their first team squad?
Liverpool
61.6%
Arsenal
36.7%
Jamie Carragher was sent off against Arsenal in 2002 for throwing something at the crowd. What was it?
A coin
58.9%
A bottle
28.2%
A matchday programme
2%
A football
7.8%
Arsenal manager Unai Emery first defeated Jurgen Klopp in Sevilla's 3-1 Europa League Final victory back in 2014. Which country was the final played in?
Switzerland
58.9%
Holland
18.2%
Belgium
13.1%
Serbia
7.6%
Who scored the winner in Liverpool's 2-1 win over Arsenal in 2004?
Neil Mellor
57.8%
Florent Sinama Pongolle
8.2%
Djibril Cisse
22%
Fernando Morientes
9.8%
Which Liverpool debutant was sent off against Arsenal during Roy Hodgson's first competitive game as manager?
Joe Cole
57.1%
Sotirios Kyrgiakos
13.1%
Milan Jovanovic
6.4%
Raul Meireles
20.4%
Arsenal gave away a penalty to hand a point to Liverpool at the Emirates in 2011. Who was it that fouled Lucas Leiva?
Emmanuel Eboue
55.8%
Abou Diaby
10.2%
Per Mertesacker
15.8%
Sebastien Squillaci
15.3%
Which Liverpool player was sent off in their side's 4-1 defeat to Arsenal in 2015?
Emre Can
51.6%
Joe Allen
26.2%
Fabio Borini
15.3%
Rickie Lambert
4.9%
Which club is older?
Arsenal
48.7%
Liverpool
40.4%
Both equally as old
8.2%
How many goals have been scored in fixtures between Liverpool and Arsenal since the year 2000?
157
28.2%
147
27.3%
137
28.4%
127
14%
Which Liverpool player was sent off in their side's 2-2 draw with Arsenal in 2014?
Fabio Borini
26.2%
Mario Balotelli
25.1%
Adam Lallana
16.7%
Emre Can
29.8%
Who has the most FA Community Shield wins?
Level on wins
25.3%
Arsenal
44.2%
Liverpool
28.4%
Quiz Playlist
Details
Report
Send in Message
Add To Playlist
Multiple Choice:
Click on answers out of a set of options
Random Order:
Randomize order of answers
Last Updated: Dec 28, 2018
Quiz Scoreboard
CHALLENGE
Sign Up to Join the Scoreboard
Show All
Scores
Hide
Comments
May contain spoilers
Recently Published
Two Season TV Shows II
by 123Four
Television
10m
Image Sorting: Flags VI
by Barbecue
Geography
2m
Find the 'City' Movie
by crazypaving
Movies
60s
More to Explore
Quiz From the Vault
Featured Blog Post
14 Easter Pick-up Lines to Find Eggs With
hide this ad
You Might Also Like...
Tags
100
Arsenal
Liverpool
Trivia
Today's Top Quizzes in Sports
Browse Sports
hide this ad
Today's Top Quizzes in Arsenal
Browse Arsenal
Top Contributed Quizzes in Sports
1
Les meilleurs buteurs des matchs entre le PSG et l’OM
2
Les entraîneurs de l'OM et du PSG au 21e siècle
3
2022 World Cup Stars
4
Les joueurs passés par le PSG et l'OM
5
Players with Multiple 50 Home Run Seasons
6
FIFA Club World Cup Champions
7
Criteria MLB: Left Handed Sluggers
8
Les joueurs passés par le LOSC et le RC Lens
9
Top 10 NHL Goal Scorers of All Time
10
MLB Players with Two .350 Batting Average Seasons
Explore More
Trending Topics
Disney
Kpop
NBA
Marvel
Crossword
Harry Potter
Anime
Pokémon
Soccer
Country
The Office
NFL
Song
Puzzle
WWE
hide this ad
More By:
Oddschanger
Quiz
Plays
Rating
Category
Featured
Created
Most Premier League goals from outside the box
8,290
4.71
Sports
Dec 7, 2018
35 best penalty takers from the PL era
4,224
4.50
Sports
Sep 5, 2018
Can you name these clubs main rivals?
3,222
Sports
Sep 11, 2018
Played for both: Arsenal & Chelsea
3,076
4.67
Sports
Jan 17, 2019
Premier League 7th Placed Finishes
3,037
5.00
Sports
Aug 15, 2018
Go to Creator's Profile
Score Distribution
Quiz Creator Spotlight
Oddschanger
Follow
Send a Message
Quizzes Created
-
Created Quiz Play Count
-
More By This Creator
Popular Quizzes Today
1
Find the US States - No Outlines Minefield
2
Colored Red Africa Blitz
3
Find the 'City' Movie
4
5x2 Blitz: Bands
5
The Countries of the World
6
Find the Countries of Europe - No Outlines Minefield
7
Find the US States
8
US States
More Sports Quizzes
2014 European Champions - Real Madrid
Curator's Pick
Trending Quizzes
Colored Red Europe Blitz I
Colored Red Africa Blitz II
Colored Red Europe Blitz II
Colored Red Africa Blitz III
Colored Red Europe Blitz III
Recently Updated
How Do You Spell That?
pecheneg
Godzilla Movies
pecheneg
Grab Bag: 4-10 Letters
pecheneg
2024 March Madness Bracket
pecheneg
Famous TV Couples
Peacemaker
Champions League XIs: Real Madrid
pecheneg
Largest US Cities 1790-2010
pecheneg
Rides in Walt Disney World
pecheneg
Most Oscar Losses (Acting)
pecheneg
Beyoncé Albums
pecheneg
Trending Topics
NBA
Marvel
Crossword
Disney
Anime
Kpop
Harry Potter
Puzzle
Song
Country
WWE
The Office
Pokémon
NFL
Soccer
Your Account Isn't Verified!
In order to create a playlist on Sporcle, you need to verify the email address you used during registration. Go to your
Sporcle Settings
to finish the process.
Report this User
Report this user for behavior that violates our
Community Guidelines
.
Details:
Send Report
Go to the Sporcle.com Mobile Site →
Comments